LEADER 01120nam a2200265 i 4500 001 000000231047 003 CaOOAMICUS 005 20140707000000.0 008 140707s2007 it u000 u ita u 013 $a209950 020 $a978-88-514-0502-1 040 $aSeMil$bita 100 1 $aBenericetti, Ruggero.$0(OLS)http://semarc/name/27376 245 12$aL'eremo e la cattedra :$bvita di san Pier Damiani (Ravenna 1007-Faenza 1072) /$cRuggero Benericetti. 260 $aMilano :$bÀncora,$cc 2007. 300 $a272 p. ;$c21 cm. 490 0 $aMedioevalia 600 04$aPier : Damiani .$0(OLS)http://semarc/subject/8421 830 0$aMedioevalia.$0(OLS)http://semarc/title/40991 850 $aSeMil 852 $aSeMil$W1$xVenegono$y1$m3H III 442$j181393$B181393$CSeMilBibl$Z2$F193030 $81 961 $aOmaggio: Cozzi don Alberto 996 $6020$a978-88-514-0502-1$9(OLS)http://semarc/number/234142 996 $6245$aL'eremo e la cattedra :$bvita di san Pier Damiani (Ravenna 1007-Faenza 1072)$9(OLS)http://semarc/title/329987 996 $6260$aMilano :$bÀncora$9(OLS)http://semarc/publisher/29763 LEADER 01683nam a2200373 i 4500 001 000000073662 003 CaOOAMICUS 005 20251107142012.0 008 131022s1821 it u000 u ita u 013 $a44834 026 $an-s- urre o-ni nine (3) 1821 (A) 040 $aSeMil$bita 100 1 $aMore, Thomas,$c.$0(OLS)http://semarc/name/1481 240 13$aLa repubblica ritrovata nel governo dell'isola Utopia. Opera di Tommaso Moro cittadino di Londra.$0(OLS)http://semarc/title/118946 245 10$aUtopia di Tommaso Moro cancelliere d'Inghilterra. 260 $aMilano :$bPer Vincenzo Ferrario,$c1821. 300 $a[4], CIV, 150, [2] p. ;$c16º. 500 $aDedica all'editore di Pietro Giordani 500 $aContiene: Notizia intorno a Tommaso Moro estratta dalle memorie della sua vita scritte da Arturo Cayley 650 4$aMoro, Tommaso . Utopia.$0(OLS)http://semarc/subject/7739 700 1 $aCayley, Arthur,$d<1821-1895>.$0(OLS)http://semarc/name/36407 700 1 $aGiordani, Pietro,$d<1774-1848>.$0(OLS)http://semarc/name/2933 700 1 $aFerrario, Vincenzo,$c.$0(OLS)http://semarc/name/7036 850 $aSeMil 852 $aSeMil$W1$xVenegono$y1$m2R I 115 FA$j39814$B39814$CSeMilBibl$Z2$F39818 $8I 900 0 $aTommaso : Moro. 900 0 $aThomas : More. 941 1 $a10 961 $aRecupero: Mantegazza 996 $6245$aUtopia di Tommaso Moro cancelliere d'Inghilterra$9(OLS)http://semarc/title/118945 996 $6260$aMilano :$bPer Vincenzo Ferrario$9(OLS)http://semarc/publisher/36508